| 000 | 01356nam a2200385Ii 4500 | ||
|---|---|---|---|
| 001 | DIGJCCL022 | ||
| 003 | NyNyDIG | ||
| 006 | m d | ||
| 007 | cr ||||||||||| | ||
| 008 | 121001s2007 sp a ob 000 0 spa | ||
| 020 | _z9788489564541 | ||
| 020 | _z848956454X | ||
| 040 |
_aDGITA _beng _epn _cDGITA |
||
| 043 | _ae-sp--- | ||
| 050 | 4 | _aPN1993.5.S7 ebook | |
| 100 | 1 |
_aPuigdomènech López, Jordi, _d1963- _eauthor. |
|
| 245 | 1 | 0 |
_aTreinta años de cine español en democracia, 1977-2007 / _cJordi Puigdomènech. |
| 250 | _a1a ed. | ||
| 264 | 1 |
_aMadrid : _bEdiciones JC, _c2007. |
|
| 300 |
_a1 online resource (239 pages) : _billustrations. |
||
| 336 |
_atext _btxt _2rdacontent |
||
| 337 |
_acomputer _bc _2rdamedia |
||
| 338 |
_aonline resource _bcr _2rdacarrier |
||
| 490 | 1 | _aColección Imágenes | |
| 504 | _aIncludes bibliographical references (p. 238-239) | ||
| 650 | 0 |
_aMotion pictures _zSpain _xHistory _y20th century. |
|
| 650 | 0 |
_aMotion pictures _zSpain _xHistory _y21st century. |
|
| 655 | 0 | _aElectronic books. | |
| 791 | 2 |
_aDigitalia (Firm), _edistributor. |
|
| 830 | 0 | _aColección Imágenes (Ediciones JC (Firm)) | |
| 793 | 0 |
_gDigitalia eBook Collection: _aEdiciones JC |
|
| 856 | 4 | 0 |
_3Digitalia Hispánica _uhttps://www.digitaliapublishing.com/a/16979/ |
| 910 | _aPremium Collection: 2007-2012 | ||
| 942 | _cRAA | ||
| 999 |
_c235068 _d235068 |
||